चाणक्य नीति (Record no. 1420005)

MARC details
000 -LEADER
fixed length control field 01263nam a2200409 a 4500
001 - CONTROL NUMBER
control field vtls002002037
003 - CONTROL NUMBER IDENTIFIER
control field NLI
005 - DATE AND TIME OF LATEST TRANSACTION
control field 20250404120227.0
008 - FIXED-LENGTH DATA ELEMENTS--GENERAL INFORMATION
fixed length control field 180529 2008 000 0 hin d
020 ## - INTERNATIONAL STANDARD BOOK NUMBER
International Standard Book Number 8190219596(hbk)
Terms of availability Rs. 150.00
039 #9 - LEVEL OF BIBLIOGRAPHIC CONTROL AND CODING DETAIL [OBSOLETE]
Level of rules in bibliographic description 201806011840
Level of effort used to assign nonsubject heading access points deepr
Level of effort used to assign subject headings 201806011839
Level of effort used to assign classification deepr
040 ## - CATALOGING SOURCE
Original cataloging agency NLI
Transcribing agency hineng
-- Hindi div.
041 ## - LANGUAGE CODE
Language code of text/sound track or separate title hin
041 1# - LANGUAGE CODE
Language code of text/sound track or separate title hin
044 ## - COUNTRY OF PUBLISHING/PRODUCING ENTITY CODE
MARC country code ii
082 04 - DEWEY DECIMAL CLASSIFICATION NUMBER
Classification number 320.1
Edition number 22
100 1# - MAIN ENTRY--PERSONAL NAME
Linkage 880-01
245 00 - TITLE STATEMENT
Linkage 880-02
Title चाणक्य नीति
Statement of responsibility, etc. / सम्पादक मनोज थापियाल
260 ## - PUBLICATION, DISTRIBUTION, ETC.
Place of publication, distribution, etc. दिल्ली:
Name of publisher, distributor, etc. अनुज पब्लिशिंग,
Date of publication, distribution, etc. 2008.
300 ## - PHYSICAL DESCRIPTION
Extent 124p. ;
Dimensions 22cm.
600 10 - SUBJECT ADDED ENTRY--PERSONAL NAME
Personal name Kautilya
9 (RLIN) 769889
650 #0 - SUBJECT ADDED ENTRY--TOPICAL TERM
Topical term or geographic name entry element Political philosophy
9 (RLIN) 863822
650 #0 - SUBJECT ADDED ENTRY--TOPICAL TERM
Topical term or geographic name entry element Political ethics
700 1# - ADDED ENTRY--PERSONAL NAME
Linkage 880-03
Personal name थापियाल, मनोज
Relationship सम्पादक
9 (RLIN) 1615677
700 1# - ADDED ENTRY--PERSONAL NAME
Linkage 880-04
880 1# - ALTERNATE GRAPHIC REPRESENTATION
Linkage 100-01/(B
880 1# - ALTERNATE GRAPHIC REPRESENTATION
Linkage 700-03/(B
a Thāpiyāla, Manoja
4 edt.
880 1# - ALTERNATE GRAPHIC REPRESENTATION
Linkage 700-04/(B
880 00 - ALTERNATE GRAPHIC REPRESENTATION
Linkage 245-02
a Cānakya nīti
c / edited by Manoja Thāpiyāla
887 ## - NON-MARC INFORMATION FIELD
Content of non-MARC field deep raj
901 ## - LOCAL DATA ELEMENT A, LDA (RLIN)
a 98717
b 05.11.2009
902 ## - LOCAL DATA ELEMENT B, LDB (RLIN)
a H 320.1 K 812 cky
904 ## - LOCAL DATA ELEMENT D, LDD (RLIN)
a deep raj
942 ## - ADDED ENTRY ELEMENTS (KOHA)
Source of classification or shelving scheme Dewey Decimal Classification
Koha item type Books
949 ## - LOCAL PROCESSING INFORMATION (OCLC)
6 DBA000098717HIN
Holdings
Withdrawn status Lost status Source of classification or shelving scheme Damaged status Not for loan Collection code Home library Current library Shelving location Date acquired Full call number Barcode Date last seen Price effective from Koha item type
    Dewey Decimal Classification     Hindi National Library of India National Library of India Hindi - Book - Main Stack Division   H 320.1 K 812 cky DBA000098717HIN 30/06/2021 30/06/2021 Books
                                                                           
web counter

Copyright ©2020 The National Library of India, Govt. of India ↔ Hosted by NVLI, MOC ↔ Technology and Design by National Library of India, Ministry of Culture, Govt. of India